000 01042nas a2200349 4500
001 BR9900963
003 BR-BrBNA
005 20231205101258.0
007 ta
008 230509b bl.|||p| |||| 00| 00por d
040 _aBR-BrBNA
_bpor
_cBiblioteca Nacional de Agricultura
041 _a(Pt)
072 _aP34
100 1 _aVasconcellos, C.A.
100 1 _aFigueiredo, A.P.H.D.
100 1 _aFranca, G.E. de
100 1 _aCoelho, A.M.
100 1 _aBressan, W.
245 1 _aManejo do solo e a atividade microbiana em latossolo vermelho-escuro da regiao de Sete Lagoas, MG
650 _aManejo do Solo
650 _aPalhada
650 _aBiomassa
650 _aColmo
650 _aPlantio Direto
650 _aMineralizacao
650 _aLatossolo Vermelho Escuro
650 _aMetodo Estatistico
650 _aMinas Gerais
773 0 _tPesquisa Agropecuaria Brasileira (Brazil)
_xISSN 0100-204X
_g(Nov 1998), v. 33(11) p. 1897-1905
_wBR9900963
909 _a202311
_bLúcia
_c55
_dLúcia Elande
942 _2AGRIS
_n0
_cANA
999 _c160856
_d160856